Регионална библиотека "Любен Каравелов" - Русе

Крали Марко (Запис номер 141906)

MARC детайли
000 -Лидер
Контролно поле с фиксирана дължина 01531nam a2200361 a 4500
003 - Код на организацията, давaща контролен номер
Контролно поле BLK
005 - Дата и час на последна редакция
Контролно поле 20240531101714.0
008 - Елементи от данни с фиксирана дължина
fixed length control field 180409b bul|||||r ||||||| ||bul||
010 ## - Наследен системен номер
LC control number KNG00147982000
020 ## - Международен стандартен номер на книга ISBN
Международен стандартен номер на книга ISBN 954-01-0199-9
040 ## - Източник на каталожния запис
Идентификатор на билиотеката - собственик на записа BLK
041 ## - Код за език
Код за езика на текст/звукозапис или на отделно заглавие Български
Код за езика КДБФ Български
080 ## - УДК
Текстов определител УДК Българска литература
УДК код - определител по УДК 821.163.2
УДК определител -93-34
УДК - код + определител 821.163.2-93-34
100 1# - Редна дума - Автор
Автор Попова-Мутафова, Фани Добрева
Дати, свързани с автора 1902-1977
Автор - информация (биография) писател
Авторска отговорност първи автор
R(LIN) 366640
139 ## - Редно поле
Редна дума Попова-Мутафова, Фани Добрева
Авторски знак Попов - П 76
245 10 - Сведения за заглавието
Заглавие Крали Марко
Подзаглавни данни Приказки
Редно поле (дума) Фани Добрева Попова-Мутафова; худож. Стефан Марков.
250 ## - Област на изданието
Сведения за изданието Ново изд.
257 ## - Страна на издаване
Страна на създаване/издаване България
260 ## - Област на издателските данни
Име на издателя, разпространителя и проч. Просвета
Година на издаване 1992
Печатница Русе : печ. Дунав прес
Място на издаване, разпространение и проч. София
300 ## - Физическа характеристика
Страници 56 с.
Илюстрации и др. с цв. ил.
Размери/Мащаб 24Х24 см
380 ## - Жанр
Жанр Детска худож. лит.
500 ## - Общи забележки
Забележка Кн. е изд. и със загл. Приказки за Крали Марко. - 20 000 тир.
653 ## - Ключова дума – ненормативна
Ключова дума литература за деца
653 ## - Ключова дума – ненормативна
Ключова дума детска литература
700 1# - Други автори (авторска отговорност)
Лично име Марков, Стефан
Автороска отговорност (Описва отношението между автора и произведението) худож.
9 (RLIN) 367301
852 ## - Местоположение
Форматна сигнатура Цб 262123
856 4# - Електронен адрес и достъп
Електронен формат pdf - файл
Инструкция (цена за достъп) 0.00
Права за достъп disable
856 4# - Електронен адрес и достъп
Електронен формат pdf - файл
Инструкция (цена за достъп) 0.00
Права за достъп disable
999 ## - СИСТЕМНИ КОНТРОЛНИ НОМЕРА
Koha biblionumber 141906
Koha biblioitemnumber 141906
942 ## - АРТИКУЛИ
Вид на библиотечния материал Книги
Скрит в OPAC Не
Периодичен библиозапис Да
Koha issues (borrowed), all copies 1
944 ## - СЪЗДАВАНЕ И РЕДАКЦИЯ на ЗАПИСА
Създаване/Редакция Създаване
Дата на регистрацията/редакция 01.08.2013
Статус, дата на статуса Бояна Костадинова
Служител, извършил регистрацията/редакцията 30551
944 ## - СЪЗДАВАНЕ И РЕДАКЦИЯ на ЗАПИСА
Създаване/Редакция Редакция
Дата на регистрацията/редакция 01.08.2013
Статус, дата на статуса 01.08.2013 - от С1,Р / 01.08.2013
999 ## - СИСТЕМНИ КОНТРОЛНИ НОМЕРА
Koha biblioitemnumber 141906
Наличности
Код за отписване Код за изгубен артикул Източник на класификационната схема Код за повреда Коз за рестрикции Код за отдаване Артикулен № Име на библиотеката - собственик Име на библиотеката, в която се намира в момента Статус (Текущо местоположение) Дата на вписване в системата Местоположение - отдел Цена в лева Инвентарен номер Систематично азбучна сигнатура Баркод Номер на екземпляра Цена в евро Служебна бележка Служебен тип на артикула Бележка за публиката
  Не е изгубен Universal Decimal Classification Не е повреден без рестрикции ползва се в читалня 234185 Регионална библиотека "Любен Каравелов" Русе Регионална библиотека "Любен Каравелов" Русе Хранилище 1992-01-01 Хранилище 0.53 576104 Цб 262123 120000576104 1 0.27 N: стар фонд Дата: 01.01.1992 Книги  
Изтеглен Не е изгубен   Не е повреден без рестрикции заемане за дома 234186 Регионална библиотека "Любен Каравелов" Русе Регионална библиотека "Любен Каравелов" Русе   1992-01-01 Детски отдел 0.40 631619 ДХ 886.7/П 76 631619 2 0.20 N: стар фонд Дата: 01.01.1992 Дата инв: 07.10.2015 Бележки инв: Д2015 Книги Отч.N: 48/17 , Дата: 06.10.2017
  Не е изгубен Universal Decimal Classification Не е повреден без рестрикции заемане за дома 234187 Регионална библиотека "Любен Каравелов" Русе Регионална библиотека "Любен Каравелов" Русе Детски отдел 1992-01-01 Детски отдел 0.40 631620 ДХ 886.7/П 76 120000631620 3 0.20 N: стар фонд Дата: 01.01.1992 Дата инв: 07.10.2015 Бележки инв: Д2015 Книги  
Vip Innovations Ltd, Rousse, Bulgaria 2025